000 00453nam a2200169Ia 4500
008 230917s9999||||xx |||||||||||||| ||und||
020 _cRS695
040 _e231128
_aMAIN
041 _aEnglish
082 _a362.7095416 B645C
100 _aBora, Prof. I
245 0 _aChild care and development
260 _aNew Delhi
_bMittal Publications
_c2014
300 _a190 p.
500 _a2580 25/01/2017 MP17/G-XVI-1 28/05/2016 Main Budget
942 _cBK
999 _c21114
_d21114